Ciudades perdidas y civilizaciones desaparecidas /

Ensayos históricos sobre seis ciudades de la antigüedad, desaparecidas o redescubiertas varios siglos después de su mayor esplendor: Pompeya, Troya, Babilonia, Angkor, Cnosos y Chichén Itzá.

保存先:
書誌詳細
第一著者: Silverberg, Robert (autor)
フォーマット: 図書
言語:スペイン語
出版事項: México : Diana, 1964, c1964
主題:
タグ: タグ追加
タグなし, このレコードへの初めてのタグを付けませんか!

MARC

LEADER 00000nam^a2200000^a^4500
001 000106961
005 20250521000000.0
009 20260310093555.915
037 |a Acervo ITESO - Biblioteca 
041 |a ESP 
082 |a 930.  |b SIL 
100 |a Silverberg, Robert  |e (autor) 
245 1 0 |a Ciudades perdidas y civilizaciones desaparecidas /  |c R. Silverberg ; tr. por Carlos Barrera. 
264 4 |a México :  |b Diana,  |c 1964, c1964 
300 |a 188 p. 
336 |a texto  |b txt  |2 rdacontenido 
337 |a sin mediación  |b n  |2 rdamedio 
338 |a volumen  |b nc  |2 rdasoporte 
500 |a Traducción de: Lost Cities and Vanished Civilizations 
520 |a Ensayos históricos sobre seis ciudades de la antigüedad, desaparecidas o redescubiertas varios siglos después de su mayor esplendor: Pompeya, Troya, Babilonia, Angkor, Cnosos y Chichén Itzá. 
649 |a XX 
650 |a Pompeya, Italia -  |x Historia 
650 |a Troya, Turquía -  |x Historia -  |y Período Antiguo 
650 |a Irak -  |x Historia -  |y Imperio Babilónico y Asirio 
650 |a Angkor, Camboya -  |x Historia 
650 |a Creta, Grecia -  |x Historia 
650 |a Chichén Itzá, Yucatán -  |x Historia -  |y Epoca Prehispánica 
650 |a Indígenas de México -  |x Historia -  |y Epoca Prehispánica 
650 |a Indígenas de México -  |x Historia -  |y Epoca Prehispánica 
650 |a México -  |x Historia -  |y Epoca Prehispánica 
650 |a Zonas Arqueológicas -  |x Historia 
650 |a Excavaciones (Arqueología) 
650 |a Arqueología 
650 |a Historia Antigua 
910 |a Fondo Jesús Rodríguez 
920 |a Impresos - Libros 
930 |a Fondos Especiales 
905 |a 113 
901 |a 0500041367  |b IT2  |c ESP  |u 20250521 
902 |a https://opac.biblio.iteso.mx/vufind/Record/000106961